Culture, communication, and Christianity : (Record no. 10972)
[ view plain ]
| 000 -LEADER | |
|---|---|
| fixed length control field | 03046cam a22003494a 4500 |
| 001 - CONTROL NUMBER | |
| control field | 12442308 |
| 003 - CONTROL NUMBER IDENTIFIER | |
| control field | GBCCL |
| 005 - DATE AND TIME OF LATEST TRANSACTION | |
| control field | 20251105142926.0 |
| 008 - FIXED-LENGTH DATA ELEMENTS--GENERAL INFORMATION | |
| fixed length control field | 010615s2001 caua b 001 0 eng |
| 020 ## - INTERNATIONAL STANDARD BOOK NUMBER | |
| International Standard Book Number | 0878087842 |
| Qualifying information | alk. paper |
| 020 ## - INTERNATIONAL STANDARD BOOK NUMBER | |
| International Standard Book Number | 9780878087846 |
| Qualifying information | (alk. paper) |
| 035 ## - SYSTEM CONTROL NUMBER | |
| System control number | 12442308 |
| 040 ## - CATALOGING SOURCE | |
| Original cataloging agency | DLC |
| Transcribing agency | DLC |
| Modifying agency | DLC |
| 082 00 - DEWEY DECIMAL CLASSIFICATION NUMBER | |
| Classification number | 261 |
| Edition information | 21 |
| Item number | KRA 1 |
| 100 1# - MAIN ENTRY--PERSONAL NAME | |
| Personal name | Kraft, Charles H. |
| 245 10 - TITLE STATEMENT | |
| Title | Culture, communication, and Christianity : |
| Remainder of title | a selection of writings / |
| Statement of responsibility, etc. | by Charles H. Kraft. |
| 260 ## - PUBLICATION, DISTRIBUTION, ETC. | |
| Place of publication, distribution, etc. | Pasadena, Calif. : |
| Name of publisher, distributor, etc. | William Carey Library, |
| Date of publication, distribution, etc. | c2001. |
| 300 ## - PHYSICAL DESCRIPTION | |
| Extent | 504 p. : |
| Other physical details | ill. ; |
| Dimensions | 26 cm. |
| 336 ## - CONTENT TYPE | |
| Content type term | text |
| Content type code | txt |
| Source | rdacontent |
| 337 ## - MEDIA TYPE | |
| Media type term | unmediated |
| Media type code | n |
| Source | rdamedia |
| 338 ## - CARRIER TYPE | |
| Carrier type term | volume |
| Carrier type code | nc |
| Source | rdacarrier |
| 504 ## - BIBLIOGRAPHY, ETC. NOTE | |
| Bibliography, etc. note | Includes bibliographical references (p. 464-473) and index. |
| 504 ## - BIBLIOGRAPHY, ETC. NOTE | |
| Bibliography, etc. note | "Bibliography of Charles H. Kraft"--P. 474-488. |
| 505 ## - FORMATTED CONTENTS NOTE | |
| Formatted contents note | Introduction<br/>My pilgrimage in mission<br/>pt. 1. Anthropology<br/>Conservative Christians and anthropologists: a clash of worldviews<br/>God, human beings, culture and the cross-cultural communication of the gospel<br/>A perspective on culture<br/>An anthropological apologetic for the homogeneous unit principle in missiology<br/>Receptor-oriented ethics in cross-cultural intervention<br/>Anthropological perspectives on American women's issues<br/>pt. 2. Worldview<br/>A perspective on worldview<br/>Worldview in intercultural communication<br/>Worldview and Bible translation<br/>pt. 3. Ethnolinguistics<br/>Church planters and ethnolinguistics<br/>Toward an ethnography of hausa riddling<br/>An ethnolinguistic study of hausa epithets<br/>pt. 4. Communication<br/>The new wine of independence<br/>What you heard is not what I meant<br/>What is God trying to do?<br/>The incarnation, God's model for cross-cultural communication<br/>A communicating God<br/>The place of the receptor in communication<br/>The power of life involvement<br/>pt. 5. Theology<br/>An anthropological approach to theology<br/>Cultural anthropology: Its meaning for Christian theology<br/>Can anthropological insight assist Evangelical theology?<br/>An anthropologist's approach to theology<br/>Interpreting in cultural context<br/>Supracultural meanings via cultural forms<br/>pt. 6. Contextualization<br/>What is the contextualization of theology?<br/>Theology and theologies<br/>Toward a Christian ethnotheology<br/>Contextualizing communication<br/>Christian conversion or cultural conversion?<br/>Let's be Christian about polygamy<br/>The bearing of the passages in 1 Timothy and Titus on the matter of church leadership in polygamous societies<br/>Dynamic equivalence churches: An ethnotheological approach to indigeneity<br/>Measuring indigeneity |
| 650 #0 - SUBJECT ADDED ENTRY--TOPICAL TERM | |
| Topical term or geographic name entry element | Missions |
| General subdivision | Theory. |
| 650 #0 - SUBJECT ADDED ENTRY--TOPICAL TERM | |
| Topical term or geographic name entry element | Christianity and culture. |
| 650 #0 - SUBJECT ADDED ENTRY--TOPICAL TERM | |
| Topical term or geographic name entry element | Intercultural communication |
| General subdivision | Religious aspects |
| -- | Christianity. |
| 906 ## - LOCAL DATA ELEMENT F, LDF (RLIN) | |
| a | 7 |
| b | cbc |
| c | orignew |
| d | 1 |
| e | ocip |
| f | 20 |
| g | y-gencatlg |
| 942 ## - ADDED ENTRY ELEMENTS (KOHA) | |
| Source of classification or shelving scheme | Dewey Decimal Classification |
| Koha item type | Books |
| Suppress in OPAC | No |
| Withdrawn status | Lost status | Source of classification or shelving scheme | Damaged status | Not for loan | Home library | Current Library | Shelving location | Date acquired | Total checkouts | Full call number | Barcode | Date last seen | Copy number | Price effective from | Koha item type |
|---|---|---|---|---|---|---|---|---|---|---|---|---|---|---|---|
| Dewey Decimal Classification | GRACE BIBLE COLLEGE | GRACE BIBLE COLLEGE | Ministry & Mission | 2025-11-05 | 261 KRA | 017223 | 2025-11-05 | c.1 | 2025-11-05 | Books |